00941nam a22002177a 450000500170000001000230001702000260004003500140006608200110008010000290009124501140012025000060023426000490024027001190028930000240040850000450043270000410047794200250051899900190054395201610056220241211120842.0 aDEC24SC ENG-142957 a9789358707212c550.00 aEN-126489 a00021 aKochhar, Sandeep 974957 aThe 99 Percentile CAT:bVerbal Ability & Reading Comprehension/cby Sandeep Kochhar [and] Vishwapriya Kochhar a1 aNew DelhibS Chand and Company Limitedc2024 a A-27, 2nd Floor, Mohan Co-operative Industrial EstatebNew Delhie110044minfo@schandpublishing.comk011-49731800 axiv,498p.c23cm(pb) a Guide by IIM Alumni + 5 Free Mock Tests aKochhar, Vishwapriya eAuthor974958 2ddccENh000mKOCe1 c207565d207565 001040708NFICaLbLd2024-12-11eDelivery of Books Divisiong550.00l3m2o000 KOCpEN-126489r2025-06-24 00:00:00s2025-06-19t1v550.00w2024-12-11yEN